[Event "Sofia Hemus op 21st"]
[Site "Sofia"]
[Date "2004.01.03"]
[Round "2.3"]
[White "Petrov, Petar"]
[Black "Stoynov, Yordan"]
[Result "0-1"]
[WhiteElo "2150"]
[BlackElo "2311"]
[PlyCount "60"]
[EventDate "2004.01.03"]
[EventType "swiss"]
[EventRounds "6"]
[EventCountry "BUL"]
[SourceTitle "CBM 098 Extra"]
[Source "ChessBase"]
[SourceDate "2004.03.10"]
[SourceVersion "2"]
[SourceVersionDate "2004.03.10"]
[SourceQuality "1"]

1. Nf3 c5 2. d3 Nc6 3. g3 d5 4. Bg2 e5 5. 0-0 Be7 6. Nbd2 Nf6 7. e4 0-0 8. Re1 dxe4 9. dxe4 h6 10. c3 Be6 11. Qc2 c4 12. Qa4 a6 13. Nh4 Nd7 14. Nf5 Nc5 15. Nxe7+ Qxe7 16. Qc2 Nd3 17. Re2 Bg4 18. Re3 b5 19. b3 Nxc1 20. Rxc1 cxb3 21. axb3 a5 22. Rd3 Be6 23. Nf1 Qc5 24. Ne3 Rfc8 25. Nd5 Nb4 26. Nxb4 axb4 27. Bf1 Ra3 28. c4 bxc4 29. bxc4 Rca8 30. Rcd1 Ra2 0-1

[Event "Baharov Memorial op 11th"]
[Site "Sofia"]
[Date "2003.12.01"]
[Round "6.4"]
[White "Petrov, Petar"]
[Black "Drenchev, Petar"]
[Result "0-1"]
[WhiteElo "2150"]
[BlackElo "2431"]
[PlyCount "96"]
[EventDate "2003.11.28"]
[EventType "swiss"]
[EventRounds "7"]
[EventCountry "BUL"]
[SourceTitle "CBM 097 Extra"]
[Source "ChessBase"]
[SourceDate "2004.01.13"]
[SourceVersion "1"]
[SourceVersionDate "2004.01.13"]
[SourceQuality "1"]

1. Nf3 g6 2. g3 Bg7 3. Bg2 c5 4. 0-0 Nc6 5. d3 e5 6. e4 Nge7 7. Nbd2 0-0 8. c3 d6 9. Re1 h6 10. Nf1 f5 11. Nh4 f4 12. h3 Be6 13. Nf3 Qd7 14. g4 Rad8 15. N1d2 b5 16. b3 g5 17. Bb2 a6 18. a4 Ng6 19. axb5 axb5 20. Ra6 Qb7 21. Ra1 Bf6 22. Nf1 Qb6 23. Qc2 Kg7 24. Ra2 Rh8 25. Rea1 Bc8 26. Qd2 Bb7 27. Ne1 Nh4 28. Bf3 Nxf3+ 29. Nxf3 h5 30. Qe2 hxg4 31. hxg4 Bc8 32. N1h2 Rh3 33. Kg2 Rdh8 34. Ra8 Be6 35. Rxh8 Rxh8 36. Qd1 Kg6 37. Ra2 b4 38. c4 Qb7 39. Qg1 Bd8 40. Ba1 Na5 41. Rb2 Bf6 42. Rb1 Ra8 43. Rb2 Qc8 44. Kf1 Nxb3 45. Rxb3 Rxa1+ 46. Ne1 Qa6 47. Rb2 Rxe1+ 48. Kxe1 Qa1+ 0-1

[Event "Baharov Memorial op 11th"]
[Site "Sofia"]
[Date "2003.11.29"]
[Round "3.9"]
[White "Andreev, Dobrotich"]
[Black "Petrov, Petar"]
[Result "1-0"]
[WhiteElo "2205"]
[BlackElo "2150"]
[PlyCount "79"]
[EventDate "2003.11.28"]
[EventType "swiss"]
[EventRounds "7"]
[EventCountry "BUL"]
[SourceTitle "CBM 097 Extra"]
[Source "ChessBase"]
[SourceDate "2004.01.13"]
[SourceVersion "1"]
[SourceVersionDate "2004.01.13"]
[SourceQuality "1"]

1. e4 c6 2. Nf3 d5 3. Nc3 dxe4 4. Nxe4 Bg4 5. h3 Bh5 6. Ng3 Bg6 7. h4 h6 8. Ne5 Bh7 9. Qh5 g6 10. Qf3 Nf6 11. Qb3 Nd5 12. Qxb7 Qc7 13. Qxc7 Nxc7 14. Bc4 Nd5 15. Nxc6 Nb6 16. Ne5 Nxc4 17. Nxc4 Bg7 18. c3 Nd7 19. d4 Rc8 20. b3 f5 21. Bb2 Bg8 22. Nd2 e5 23. h5 exd4 24. c4 Nc5 25. 0-0 Nd3 26. Ba3 Kf7 27. Nf3 Nf4 28. hxg6+ Kxg6 29. Nh4+ Kg5 30. Be7+ Bf6 31. Nhxf5 d3 32. Nd6 Bxe7 33. Nxc8 Ba3 34. Nxa7 Bh7 35. Nb5 Bc5 36. Rfe1 Kg4 37. Re5 Bb6 38. c5 Ba5 39. Nf1 Ne2+ 40. Kh2 1-0